000 00994nas a2200277 4500
001 BR8103530
003 BR-BrBNA
005 20231205084801.0
007 ta
008 230509b bl.|||p| |||| 00| 00por d
040 _aBR-BrBNA
_bpor
_cBiblioteca Nacional de Agricultura
041 _a(Pt)
072 _aH20
100 1 _aDrummond, O.A.
100 1 _aCoelho, S.J.
245 1 _aDoencas da mamoneira [Ricinus communis; Mofo cinzento; Botrytis ricinis; Mancha bacteriana; Xanthomonas ricini; Murcha de fusarium; Fusarium oxysporum; Murcha bacteriana; Pseudomonas solanacearum]
650 _aDoenca de planta
650 _aMamona
650 _aMofo cinzento
650 _aMancha bacteriana
650 _aMurcha de fusarium
650 _aMurcha bacteriana
773 0 _tInforme Agropecuario - Empresa de Pesquisa Agropecuaria de Minas Gerais (Brazil)
_xISSN 0100-3364
_g(Oct 1981), v. 7(82) p. 38-42
_wBR8103530
909 _a202311
_bLúcia
_c55
_dLúcia Elande
942 _2AGRIS
_n0
_cANA
999 _c107259
_d107259